Tilastot visalle Etsi salainen pääkaupunki värivihjeiden avulla

Klikkaa tästä pelataksesi tätä visaa!

Yleistilastot

  • Tätä visaa on pelattu 519 kertaa
  • Keskiarvotulos 71 / 196

Vastaukset kartalla

Vastauksille on annettu kartalla punavihreä väri sen mukaan, kuinka moni on saanut sen oikein.
 

Vastaustilastot

ValtioPääkaupunki% Oikein
SuomiHelsinki
81%
YhdysvallatWashington DC
62%
BrasiliaBrasília
55%
VenäjäMoskova
51%
EspanjaMadrid
49%
ArgentiinaBuenos Aires
48%
Yhdistynyt kuningaskuntaLontoo
48%
MeksikoMéxico
48%
RanskaPariisi
48%
JapaniTokio
48%
EgyptiKairo
47%
ItaliaRooma
47%
RuotsiTukholma
47%
PeruLima
46%
SaksaBerliini
45%
KanadaOttawa
45%
KiinaPeking
45%
Etelä-AfrikkaPretoria | Kapkaupunki |
Bloemfontein
43%
NorjaOslo
42%
IslantiReykjavík
42%
ChileSantiago
41%
ViroTallinna
41%
NigeriaAbuja
40%
KolumbiaBogotá
40%
AustraliaCanberra
40%
BangladeshDhaka
40%
PortugaliLissabon
40%
KreikkaAteena
39%
VenezuelaCaracas
39%
SenegalDakar
39%
KeniaNairobi
39%
IntiaNew Delhi
39%
GhanaAccra
38%
TurkkiAnkara
38%
IndonesiaJakarta
38%
AngolaLuanda
38%
Burkina FasoOuagadougou
38%
ParaguayAsunción
37%
IrlantiDublin
37%
KuubaHavanna
37%
Kongon demokraattinen tasavaltaKinshasa
37%
UkrainaKiova
37%
BoliviaLa Paz | Sucre
37%
PanamaPanama
37%
EcuadorQuito
37%
MarokkoRabat
37%
MaltaValletta
37%
ItävaltaWien
37%
AlankomaatAmsterdam
36%
MadagaskarAntananarivo
36%
ThaimaaBangkok
36%
GambiaBanjul
36%
SveitsiBern
36%
GuatemalaGuatemala
36%
JamaikaKingston
36%
TanskaKööpenhamina
36%
TogoLomé
36%
MauritaniaNouakchott
36%
Kap VerdePraia
36%
LatviaRiika
36%
TunisiaTunis
36%
LiettuaVilna
36%
EtiopiaAddis Abeba
35%
AlgeriaAlger
35%
AndorraAndorra la Vella
35%
Keski-Afrikan tasavaltaBangui
35%
SerbiaBelgrad
35%
Guinea-BissauBissau
35%
BelgiaBryssel
35%
GuineaConakry
35%
Itä-TimorDili
35%
Sierra LeoneFreetown
35%
VietnamHanoi
35%
Etelä-SudanJuba
35%
UgandaKampala
35%
SudanKhartum
35%
SambiaLusaka
35%
FilippiinitManila
35%
Valko-VenäjäMinsk
35%
SomaliaMogadishu
35%
LiberiaMonrovia
35%
NigerNiamey
35%
SurinameParamaribo
35%
Trinidad ja TobagoPort-of-Spain
35%
BeninPorto-Novo | Cotonou
35%
TšekkiPraha
35%
Saudi-ArabiaRiad
35%
Costa RicaSan José
35%
El SalvadorSan Salvador
35%
SingaporeSingapore
35%
BulgariaSofia
35%
Etelä-KoreaSoul
35%
AlbaniaTirana
35%
LibyaTripoli
35%
MongoliaUlaanbaatar
35%
PuolaVarsova
35%
NamibiaWindhoek
35%
KroatiaZagreb
35%
Yhdistyneet arabiemiirikunnatAbu Dhabi
34%
JordaniaAmman
34%
SamoaApia
34%
TurkmenistanAšgabat
34%
EritreaAsmara
34%
KazakstanAstana
34%
IrakBagdad
34%
AzerbaidžanBaku
34%
MaliBamako
34%
BruneiBandar Seri Begawan
34%
Saint Kitts ja NevisBasseterre
34%
LibanonBeirut
34%
BelizeBelmopan
34%
KirgisiaBiškek
34%
SlovakiaBratislava
34%
Kongon tasavaltaBrazzaville
34%
BarbadosBridgetown
34%
UnkariBudapest
34%
RomaniaBukarest
34%
Saint LuciaCastries
34%
MoldovaChișinău
34%
SyyriaDamaskos
34%
DjiboutiDjibouti
34%
TansaniaDodoma
34%
QatarDoha
34%
TadžikistanDušanbe
34%
TuvaluFunafuti
34%
BotswanaGaborone
34%
GuyanaGeorgetown
34%
BurundiGitega
34%
ZimbabweHarare
34%
SalomonsaaretHoniara
34%
PakistanIslamabad
34%
ArmeniaJerevan
34%
IsraelJerusalem
34%
AfganistanKabul
34%
NepalKathmandu
34%
RuandaKigali
34%
Saint Vincent ja GrenadiinitKingstown
34%
Sri LankaKotte
34%
MalesiaKuala Lumpur
34%
KuwaitKuwait
34%
GabonLibreville
34%
MalawiLilongwe
34%
SloveniaLjubljana
34%
LuxemburgLuxemburg
34%
MarshallinsaaretMajuro
34%
Päiväntasaajan GuineaMalabo
34%
MalediivitMalé
34%
NicaraguaManagua
34%
BahrainManama
34%
MosambikMaputo
34%
LesothoMaseru
34%
OmanMasqat
34%
SwazimaaMbabane
34%
MonacoMonaco
34%
UruguayMontevideo
34%
KomoritMoroni
34%
BahamaNassau
34%
MyanmarNaypyidaw
34%
TšadN'Djamena
34%
PalauNgerulmud
34%
KyprosNikosia
34%
TongaNukuʻalofa
34%
MikronesiaPalikir
34%
KambodžaPhnom Penh
34%
Pohjois-KoreaPjongjang
34%
MontenegroPodgorica
34%
HaitiPort-au-Prince
34%
MauritiusPort Louis
34%
Papua-Uusi-GuineaPort Moresby
34%
VanuatuPort Vila
34%
KosovoPristina
34%
DominicaRoseau
34%
JemenSanaa
34%
San MarinoSan Marino
34%
Dominikaaninen tasavaltaSanto Domingo
34%
São Tomé ja PríncipeSão Tomé
34%
Bosnia ja HertsegovinaSarajevo
34%
Pohjois-MakedoniaSkopje
34%
KiribatiSouth Tarawa
34%
GrenadaSt. George's
34%
Antigua ja BarbudaSt. John's
34%
FidžiSuva
34%
TaiwanTaipei
34%
UzbekistanTaškent
34%
GeorgiaTbilisi
34%
HondurasTegucigalpa
34%
IranTeheran
34%
BhutanThimphu
34%
LiechtensteinVaduz
34%
VatikaanivaltioVatikaani
34%
SeychellitVictoria
34%
LaosVientiane
34%
Uusi-SeelantiWellington
34%
NorsunluurannikkoYamoussoukro
34%
KamerunYaoundé
34%
NauruYaren
34%

Tulosjakauma

Persentiili vastausten määrän mukaan

Jokaisen tuloksen saaneiden osuus

Tuloshistoriasi

Et ole pelannut tätä visaa